Southville International School and Colleges
Your cart is empty.
  • Cart
  • Lists
    Public lists Eva Luna New books Lux_list list_1
    Your lists Log in to create your own lists
  • Log in to your account
  • Your cookies
  • Search history
Southville International School and Colleges
  • Advanced search
  • Recent comments
  • Most popular
  • Libraries

Log in to your account

Log in with GOOGLE


If you do not have an external account, but do have a local account, you can still log in:

  1. Home
  2. MARC view: Pocket guide to the operating room /
Normal view MARC view ISBD view

Pocket guide to the operating room / (Record no. 19764)

[ view plain ]
MARC details
000 -LEADER
fixed length control field 00765nam a2200229 a 4500
005 - DATE AND TIME OF LATEST TRANSACTION
control field 20140310183156.0
008 - FIXED-LENGTH DATA ELEMENTS--GENERAL INFORMATION
fixed length control field 021007s19uu xx 00 eng d
020 ## - INTERNATIONAL STANDARD BOOK NUMBER
International Standard Book Number 9715841996
050 ## - LIBRARY OF CONGRESS CALL NUMBER
Classification number RD 32.3
Item number .G65 1996
100 ## - MAIN ENTRY--PERSONAL NAME
Personal name Goldman, Maxine A
245 ## - TITLE STATEMENT
Title Pocket guide to the operating room /
Statement of responsibility, etc Maxine A. Goldman.
250 ## - EDITION STATEMENT
Edition statement 2nd ed.
260 ## - PUBLICATION, DISTRIBUTION, ETC. (IMPRINT)
Place of publication, distribution, etc Phila :
Name of publisher, distributor, etc F.A. Davis,
Date of publication, distribution, etc 1996.
300 ## - PHYSICAL DESCRIPTION
Extent 655 p. :
Dimensions 20 cm.
500 ## - GENERAL NOTE
General note "Reprinted & exclusively distributed by C&E Pub."
521 ## - TARGET AUDIENCE NOTE
Target audience note
650 ## - SUBJECT ADDED ENTRY--TOPICAL TERM
Topical term or geographic name as entry element Surgery, Operative
General subdivision Handbooks, manuals, etc.
650 ## - SUBJECT ADDED ENTRY--TOPICAL TERM
Topical term or geographic name as entry element Surgical instruments and apparatus
General subdivision Handbooks, manuals, etc.
650 ## - SUBJECT ADDED ENTRY--TOPICAL TERM
Topical term or geographic name as entry element Operating rooms
General subdivision Equipment and supplies
-- Handbooks, manuals, etc.
942 ## - ADDED ENTRY ELEMENTS (KOHA)
Koha item type Books
Source of classification or shelving scheme Library of Congress Classification
Call number prefix Foreign
Holdings
Withdrawn status Lost status Source of classification or shelving scheme Damaged status Home library Current library Shelving location Date acquired Source of acquisition Total Checkouts Full call number Barcode Date last seen Copy number Price effective from Koha item type
    Library of Congress Classification   College Library College Library General Circulation Section 10/07/2002     RD 32.3 .G65 1996 C1193 05/15/2018 1 10/10/2013 Books

Pocket guide to the operating room /

APA

Goldman M. A., . (1996). Pocket guide to the operating room. Phila: F.A. Davis.

Chicago

Goldman Maxine A, . 1996. Pocket guide to the operating room. Phila: F.A. Davis.

Harvard

Goldman M. A., . (1996). Pocket guide to the operating room. Phila: F.A. Davis.

MLA

Goldman Maxine A, . Pocket guide to the operating room. Phila: F.A. Davis. 1996.

  • Place hold
  • Print
  • Cite
  • Add to your cart (remove)
  • Save record
    BIBTEX Dublin Core MARCXML MARC (non-Unicode/MARC-8) MARC (Unicode/UTF-8) MARC (Unicode/UTF-8, Standard) MODS (XML) RIS
  • More searches
    Search for this title in:
    Other Libraries (WorldCat) Other Databases (Google Scholar) Online Stores (Bookfinder.com) Open Library (openlibrary.org)

Exporting to Dublin Core...

SOUTHVILLE LIBRARY

Southville International School and Colleges Library

1281 Tropical Ave. Cor. Luxembourg St., BF Homes International, Las Pinas City

Tel. No. 8256374 / 252358 Loc. 117/146

Powered by Koha